00322nam a2200121Ia 4500008004100000040001600041041001200057082001600069100001800085245003700103260004500140300001500185230917s9999||||xx |||||||||||||| ||und|| e85182aMAIN aEnglish a342.54 S23A aSharma, Kusum 0aAmbedkar and Indian constitution aNew DelhibAshish Publishing Housec1992 avi, 265 p.